[Event "Barcelona Sant Marti op 11th"]
[Site "Barcelona"]
[Date "2024.01.11"]
[Round "1"]
[White "Serrahima Susany, Ramon"]
[Black "Ibanez Camara, Oscar"]
[Result "1/2-1/2"]
[WhiteElo "1947"]
[BlackElo "1579"]
[PlyCount "210"]
[EventDate "2024.01.11"]
[EventType "swiss"]
[EventRounds "9"]
[EventCountry "ESP"]
[SourceTitle "CB11_2024"]
[SourceDate "2024.03.13"]
[SourceVersion "1"]
[SourceVersionDate "2024.03.13"]
[SourceQuality "1"]

1. e4 d6 2. d4 Nf6 3. Bd3 g6 4. f4 Nc6 5. Nf3 Bg4 6. Be3 e5 7. c3 Bg7 8. 0-0 0-0 9. h3 exd4 10. cxd4 Bxf3 11. Qxf3 Nd7 12. Qf2 Nb4 13. Bc4 Nb6 14. Bb3 c5 15. Qd2 Qe7 16. Nc3 c4 17. Bd1 Nd7 18. a3 Nc6 19. Bf3 Nf6 20. e5 Nd7 21. Nd5 Qd8 22. Rac1 Na5 23. Qb4 dxe5 24. dxe5 Rb8 25. Bxa7 Nc6 26. Nf6+ Nxf6 27. Bxc6 bxc6 28. Bxb8 Nd5 29. Qxc4 Qb6+ 30. Qc5 Rxb8 31. Qxb6 Rxb6 32. b4 Ra6 33. Rf3 Bf8 34. g3 Nc7 35. Rfc3 Nb5 36. Rxc6 Rxa3 37. Rb6 Nd4 38. Kf2 Rf3+ 39. Kg2 Rb3 40. Rc4 Nf5 41. Rc8 Nd4 42. Rbb8 Rb2+ 43. Kf1 Ne6 44. b5 Kg7 45. g4 Bc5 46. f5 gxf5 47. gxf5 Rf2+ 48. Ke1 Rxf5 49. Rg8+ Kh6 50. b6 Rxe5+ 51. Kd2 Be3+ 52. Kd3 Nc5+ 53. Kc4 Nd7 54. Rb7 Nxb6+ 55. Kd3 Nd5 56. Rg3 Nf4+ 57. Kc4 Re4+ 58. Kb3 Nh5 59. Rg8 f5 60. Kc3 f4 61. Rd7 Re6 62. Rf7 Nf6 63. Rgf8 Nd5+ 64. Kc4 Kg6 65. Kxd5 Ra6 66. Rd7 Rf6 67. Rxf6+ Kxf6 68. Ke4 h5 69. Rd5 h4 70. Rh5 Bf2 71. Kxf4 Bg3+ 72. Ke4 Kg6 73. Rb5 Kf6 74. Kf3 Kg6 75. Kg4 Kh6 76. Rb6+ Kh7 77. Kg5 Kg7 78. Rb7+ Kg8 79. Kg6 Kf8 80. Ra7 Be5 81. Rf7+ Ke8 82. Rh7 Bg3 83. Kf6 Kd8 84. Ke6 Kc8 85. Rh8+ Kc7 86. Rh7+ Kc6 87. Rd7 Kc5 88. Kf5 Kc6 89. Rd3 Bf2 90. Kg4 Kc5 91. Kf3 Bg3 92. Kg4 Be1 93. Rd1 Bg3 94. Kf3 Kc6 95. Ke4 Kc5 96. Rd5+ Kc6 97. Ra5 Kd6 98. Ra6+ Ke7 99. Kf5 Kf7 100. Ra7+ Ke8 101. Ke6 Kd8 102. Ra2 Kc7 103. Rc2+ Kd8 104. Rc4 Bf2 105. Kd6 Bg3+ 1/2-1/2

[Event "Barcelona Vila de Gracia op 25th"]
[Site "Barcelona"]
[Date "2021.10.15"]
[Round "3"]
[White "Ibanez Camara, Oscar"]
[Black "Brusi Noguera, Ricardo Ll"]
[Result "0-1"]
[WhiteElo "1621"]
[BlackElo "2079"]
[PlyCount "58"]
[EventDate "2021.10.01"]
[EventType "swiss"]
[EventRounds "9"]
[EventCountry "ESP"]
[SourceTitle "EXT 2023"]
[Source "ChessBase"]
[SourceDate "2022.10.05"]
[SourceVersion "1"]
[SourceVersionDate "2022.10.05"]
[SourceQuality "1"]

1. e4 Nf6 2. Nc3 e5 3. Nf3 d6 4. d4 Nbd7 5. Be2 c6 6. 0-0 h6 7. Re1 Be7 8. Nh4 g6 9. Be3 Qc7 10. g3 b5 11. a3 a6 12. f4 exf4 13. gxf4 Nxe4 14. Nxe4 Bxh4 15. Rf1 d5 16. Nf2 Nf6 17. Bf3 Bf5 18. Bd2 0-0 19. Re1 Be4 20. Re3 Bxf2+ 21. Kxf2 Qxf4 22. Rxe4 Qxh2+ 23. Kf1 Nxe4 24. Bxe4 dxe4 25. Be3 Rad8 26. Rc1 Qh3+ 27. Kf2 Rd5 28. c4 Rf5+ 29. Ke2 Qg2+ 0-1

[Event "Foment Martinenc op-B 19st"]
[Site "Barcelona"]
[Date "2017.06.10"]
[Round "8.5"]
[White "Ibanez Camara, Oscar"]
[Black "Gonzalez Muelas, Marco Antonio"]
[Result "0-1"]
[WhiteElo "1608"]
[BlackElo "1661"]
[PlyCount "82"]
[EventDate "2017.04.22"]
[EventType "swiss"]
[EventRounds "9"]
[EventCountry "ESP"]
[SourceTitle "EXT 2024"]
[Source "ChessBase"]
[SourceDate "2023.10.10"]
[SourceVersion "1"]
[SourceVersionDate "2023.10.10"]
[SourceQuality "1"]

1. e4 c5 2. Nf3 d6 3. d4 cxd4 4. Nxd4 Nf6 5. Nc3 a6 6. Be3 Qc7 7. f3 b5 8. Qd2 Bb7 9. 0-0-0 e6 10. g4 b4 11. Nce2 d5 12. e5 Nfd7 13. f4 Nc6 14. Nf3 Nc5 15. Bxc5 Bxc5 16. Ng3 Qb6 17. Re1 a5 18. f5 b3 19. axb3 a4 20. fxe6 fxe6 21. b4 a3 22. b3 a2 23. Kb2 Bxb4 24. c3 Ba3+ 25. Kc2 Na5 26. Nd4 0-0 27. Bd3 Nc4 28. Qe2 Bb2 29. Bxc4 dxc4 30. Kxb2 Bxh1 31. Rxh1 cxb3 32. Ne4 a1Q+ 33. Rxa1 Rxa1 34. Kxa1 Qa5+ 35. Kb1 Rf1+ 36. Qxf1 Qa2+ 37. Kc1 Qa1+ 38. Kd2 Qxf1 39. Nxb3 Qf4+ 40. Kd3 Qxe5 41. g5 Qd5+ 0-1

[Event "Foment Martinenc op-B 19st"]
[Site "Barcelona"]
[Date "2017.05.13"]
[Round "4.6"]
[White "Ibanez Camara, Oscar"]
[Black "Esteban Bruguera, German"]
[Result "0-1"]
[WhiteElo "1608"]
[BlackElo "1720"]
[PlyCount "132"]
[EventDate "2017.04.22"]
[EventType "swiss"]
[EventRounds "9"]
[EventCountry "ESP"]
[SourceTitle "EXT 2024"]
[Source "ChessBase"]
[SourceDate "2023.10.10"]
[SourceVersion "1"]
[SourceVersionDate "2023.10.10"]
[SourceQuality "1"]

1. e4 e6 2. d4 d5 3. e5 c5 4. c3 Nc6 5. Nf3 Qb6 6. Be2 Bd7 7. 0-0 cxd4 8. cxd4 Nge7 9. g4 h5 10. h3 hxg4 11. hxg4 Ng6 12. Nc3 Nh4 13. Nxh4 Rxh4 14. Bg5 Rh8 15. Be3 Be7 16. f4 Na5 17. Rb1 0-0-0 18. f5 Rh3 19. Rf3 Rdh8 20. Rxh3 Rxh3 21. Bf4 Qd8 22. Bf1 Rh7 23. fxe6 fxe6 24. Nxd5 exd5 25. Qc2+ Nc6 26. Qxh7 Nxd4 27. Rc1+ Bc6 28. Qxg7 Ne6 29. Qf7 Qb6+ 30. Kh1 Nxf4 31. Qxf4 Qxb2 32. Qf5+ Kd8 33. Rc2 Qd4 34. Rh2 Qe3 35. Rh8+ Kc7 36. Rc8+ Kb6 37. Qb1+ Ka5 38. Qb3 d4+ 39. Bg2 Qe1+ 40. Kh2 Qh4+ 41. Qh3 Qf2 42. Rc7 Bg5 43. Qa3+ Kb6 44. Rxc6+ bxc6 45. Qb4+ Kc7 46. Qd6+ Kb6 47. Qxc6+ Ka5 48. Qc7+ Kb4 49. Qb7+ Kc3 50. Qc6+ Kd2 51. Qf3 Qxf3 52. Bxf3 Bf4+ 53. Kg2 Bxe5 54. g5 Ke3 55. Bd1 d3 56. g6 a5 57. a4 d2 58. Bb3 Ke2 59. Bc2 d1Q 60. Bxd1+ Kxd1 61. Kf3 Kc2 62. Ke4 Bg7 63. Kd5 Kb3 64. Kc5 Kxa4 65. Kc4 Bf6 66. Kc5 Kb3 0-1

[Event "Foment Martinenc op-C 16th"]
[Site "Barcelona"]
[Date "2014.05.17"]
[Round "4"]
[White "Bernat Mor, Juli"]
[Black "Ibanez Camara, Oscar"]
[Result "0-1"]
[WhiteElo "1705"]
[BlackElo "1837"]
[PlyCount "70"]
[EventDate "2014.04.26"]
[EventType "swiss"]
[EventRounds "9"]
[EventCountry "ESP"]
[SourceTitle "EXT 2015"]
[Source "ChessBase"]
[SourceDate "2014.11.20"]
[SourceVersion "1"]
[SourceVersionDate "2014.11.20"]
[SourceQuality "1"]

1. e4 c5 2. Nf3 d6 3. d4 cxd4 4. Nxd4 Nf6 5. Nc3 a6 6. h3 Nbd7 7. Bd3 Nc5 8. 0-0 e6 9. Qf3 Nxd3 10. cxd3 Be7 11. Bg5 Qa5 12. h4 h6 13. Be3 0-0 14. Qg3 Qh5 15. f3 Nd7 16. Bf2 Ne5 17. Rad1 Nc6 18. Nde2 g5 19. f4 Kh7 20. hxg5 e5 21. Nd5 Qxe2 22. Qh4 h5 23. Nxe7 Nxe7 24. g6+ Nxg6 25. Qf6 Nxf4 26. Rfe1 Qg4 27. g3 Qh3 28. gxf4 Rg8+ 29. Qg5 Rxg5+ 30. fxg5 Bg4 31. Re3 Bf3 32. Rxf3 Qxf3 33. Rd2 Rc8 34. a4 Rc1+ 35. Kh2 Rh1# 0-1